Biggest Cities in Colombia Quiz - Statistics

General Stats
  • This quiz has been taken 14,671 times
    13,801 since last reset
  • The average score is 8 of 20
Answers on the Map
Answers color-coded by a green-red scale on the quiz's map according to % correct below.
 
Answer Stats
Population City % Correct
7,963,400 Bogotá
100%
2,457,700 Medellín
92%
2,358,300 Cali
81%
1,219,400 Barranquilla
68%
971,600 Cartagena
64%
521,900 Bucaramanga
37%
474,500 Santa Marta
36%
634,300 Cúcuta
31%
371,000 Pasto
29%
398,700 Pereira
28%
528,200 Ibagué
25%
370,000 Manizales
25%
395,900 Valledupar
23%
471,400 Villavicencio
23%
373,700 Buenaventura
22%
346,900 Montería
22%
324,400 Neiva
21%
516,400 Soacha
20%
631,600 Soledad
20%
458,200 Bello
19%
No matching quizzes found
Score Distribution
Percent of People with Each Score
Percentile by Number Answered
Your Score History
You have not taken this quiz since the last reset